| 000 | 00714nmm a2200277 a 4500 | ||
|---|---|---|---|
| 003 | AR-BaBNM | ||
| 005 | 20251128203516.0 | ||
| 008 | 026019s1950 ||||||||||||||000 | spa|| | ||
| 040 | _cAR-BaBNM | ||
| 100 | 1 | _aCano, Rafael | |
| 245 | 1 | 0 | _aTradiciones del noroeste argentino |
| 250 | _a1ª ed. | ||
| 260 |
_aBuenos Aires _bRafael Cano _c1950 |
||
| 300 |
_a239 p. _bil. |
||
| 650 | 4 | _aLITERATURA FOLKLORICA | |
| 650 | 4 | _aLITERATURA POPULAR | |
| 650 | 4 | _aMUSICA FOLKLORICA | |
| 650 | 4 | _aANTOLOGIAS | |
| 650 | 4 | _aCOSTUMBRES Y TRADICIONES | |
| 650 | 4 | _aANALISIS LITERARIO | |
| 650 | 4 | _aHISTORIA Y ESTUDIOS CONEXOS | |
| 651 | 4 | _aArgentina | |
| 651 | 4 | _aRegión Noreste | |
| 942 | _cBK | ||
| 998 | _cisola | ||
| 999 |
_c3705 _d3705 |
||